000 00359nam a2200133Ia 4500
008 151001s9999||||xx |||||||||||||| ||und||
100 _aसुरेश सलील
245 _aगाणेशशंकर विध्यार्थी
250 _a1
260 _bशिक्षा भारती
260 _c1981
300 _a42
365 _b18
999 _c961970
_d961967